C++ Programming Language
This book introduces standard C++ and the key programming and design techniques supported by C++. It offers something to even the most experienced C++ programmer. This book presents every major C++ language feature and the standard library. It demonstrates key techniques that make C++ effective and...
Gardado en:
| Autor Principal: | |
|---|---|
| Formato: | Libro |
| Idioma: | Undetermined |
| Publicado: |
Massachusetts
Addison-Wesley
1997
|
| Những chủ đề: | |
| Các nhãn: |
Engadir etiqueta
Sen Etiquetas, Sexa o primeiro en etiquetar este rexistro!
|
| Thư viện lưu trữ: | Trung tâm Học liệu Trường Đại học Cần Thơ |
|---|
| LEADER | 01023nam a2200193Ia 4500 | ||
|---|---|---|---|
| 001 | CTU_19013 | ||
| 008 | 210402s9999 xx 000 0 und d | ||
| 082 | |a 005.133 | ||
| 082 | |b S919 | ||
| 100 | |a Bjarne Stroustrup | ||
| 245 | 0 | |a C++ Programming Language | |
| 245 | 0 | |c Bjarne Stroustrup | |
| 260 | |a Massachusetts | ||
| 260 | |b Addison-Wesley | ||
| 260 | |c 1997 | ||
| 520 | |a This book introduces standard C++ and the key programming and design techniques supported by C++. It offers something to even the most experienced C++ programmer. This book presents every major C++ language feature and the standard library. It demonstrates key techniques that make C++ effective and teaches the fundamental concepts necessary for mastery. A companion, The Annotated C++ Language Standard, presents the complete language definition together with annotations to make it more comprehensive | ||
| 650 | |a C++ ( computer programming language ) | ||
| 904 | |i Minh, 971006 | ||
| 980 | |a Trung tâm Học liệu Trường Đại học Cần Thơ | ||